Statistiques concernant 20 Films québécois avant 2000

Cliquez ici pour prendre le quiz!

Statistiques générales

  • Ce quiz a été pris 36 fois
  • Le résultat moyen est 9 sur 20

Statistiques - réponses

DateIndicesRéponses% Correct
1997Marc Messier, hockey, brasserieLes boys
94%
1985Julien Poulin, king, fédéralisme québécoisElvis Gratton
87%
1984Marie-Pierre A. D'Amour, neige, chienLa guerre des tuques
84%
1989Michel côté, personnages, dragueCruising bar
74%
1985Guillaume Lemay-Thivierge, restaurant, piègeLe matou
71%
1986Pierre Curzi, moeurs, différences hommes et femmesLe déclin de l'empire américain
68%
1993Marc Labrèche, pirate, pasage secretMatusalem
58%
1996Yves Pelletier, vampires, potionKarmina
55%
1990Claude Meunier, héritage, imbécilesDing et Dong
52%
1988Fanny Lauzier, Côte-nord, mammifèresLa grenouille et la baleine
45%
1985Mathew Mackay, arachides, cheveuxOpération beurre de pinottes
45%
1992Ginette Reno, famille dysfonctionnelle, folieLéolo
42%
1992Mitsou Gélinas, relation, coup de foudreCoyote
32%
1970Monique Mercure, voisines, adultèreDeux femmes en or
32%
1988Lucas Evans, voyage, BluenoseLes aventuriers du timbre perdu
19%
1995Geneviève Brouillette, prostituée, justiceListe noire
19%
1998Jason Flemyng, voyage, instrumentLe violon rouge
16%
1952Jeannette Bertrand, belle-mère, vexationAurore
13%
1997Roy Dupuis, homosexuel, antiquitésJ'en suis
13%
1987Gilles Maheu, paternel, chasseUn zoo la nuit
10%

Distribution des résultats

Percentile par nombre de réponses

% des personnes avec chaque résultat

Votre développement - résultats

Vous n’avez pas pris ce quiz